00422nam a2200121Ia 4500008004100000245012000041260002400161260000900185300000700194650002300201650001200224856006400236170516s9999 xx 000 0 und d aBiofilm synthesis and its relationship with genetic characteristics in clinical methicillin-resistant staphylococci bAIMS Bioengineering c2015 a:4 xMedical Technology xMedtech uhttp://www.aimspress.com/journal/Bioengineering/2015/4.html